000 00554nam a2200193 a 4500
001 2031947
003 AM-YEHGA
005 20251110093056.0
008 250918n |||||||||||||||0|arm|d
040 _aAM-YEHGA
041 1 _aarm
100 1 _aՈւայլտըր, Րոպերթ Փ.
245 1 0 _aԱղօթք /
_cՐոպերթ Փ. Ուայլտըր ; Թարգմ.՝ Յ.Թ. Գայաեան.
260 _aԱ. տ. :
_bԱ. հ.,
_cԱ. թ.
300 _a39 էջ
650 1 4 _aԿրոն
700 1 _aԳայաեան, Յ.Թ.
_eթարգմ.
_4trl
942 _2udc
_cBK
999 _c537083
_d537083